| 000 | 00530nab a2200181 a 4500 | ||
|---|---|---|---|
| 005 | 20210219161308.0 | ||
| 008 | 991125s1985 mx 000 0 spa u | ||
| 035 | _aUPN01000182590 | ||
| 100 | 1 | _aGonzález Cisneros, Martha E | |
| 222 | _aFIGURA/FONDO | ||
| 245 | _a¿ Cómo entender y acompañar desde terapia gestalt a quien ha vivido una violación sexual ? | ||
| 260 | _aMéxico | ||
| 300 | _a45-68 | ||
| 362 | 0 | _a2011 No. 29, mar.-jun. | |
| 653 | 0 | _aVIOLACION SEXUAL | |
| 653 | 0 | _aTERAPIA GESTALT | |
| 905 | _aArticulo | ||
| 999 |
_c154693 _d154693 |
||